Taschenbuch Maschinenbau. Band 2 : Energieumformung und Verfahrenstechnik

Salvato in:
Dettagli Bibliografici
Natura: Libro
Lingua:tedesco
Pubblicazione: Berlin : VEB Verlag Technik, 1966
Soggetti:
Tags: Aggiungi Tag
Nessun Tag, puoi essere il primo ad aggiungerne!!

MARC

LEADER 00000nam a22000003a 4500
001 stu43081
005 20150408180524.4
008 940718s1966----gw------------------ger-d
040 |a STU  |b slo 
041 0 |a ger 
044 |a gw 
080 |a 621.01 
245 |a Taschenbuch Maschinenbau. Band 2 :  |b Energieumformung und Verfahrenstechnik 
260 |a Berlin :  |b VEB Verlag Technik,  |c 1966 
300 |a 999 s 
650 7 |a strojárstvo  |2 stusub 
996 |b 284M016202  |c M*3989-1  |l MMKN  |s A  |a 24  |w stu43081_0001